00605 2200217 4500001002100000005001500021035002000036007000300056008004100059020002200100082001000122084001600132100002000148245006300168250001000231260006400241300003200305650002800337990001100365990001100376INLIS00000000000368620190710090355 a0010-0719000104ta190710 g 0 ind  a978-602-61961-6-3 a613.2 a613.2 KLA a0 aKLARA, Yuliarti1 aApa yang Perlu Ibu Ketahui tentang MPASI /cKlara Yuliarti acet.1 a[s.l] :bBadan Penerbit Ikatan Dokter Anak Indonesia,c2017 avi, 48 hlm :bilus ;c21 cm 4aKESEHATAN. AIR SUSU IBU a6864 a a6864 b